Normal view
MARC view
- CHURCHILL, WINSTON LEONARD SPENCER,
Entry Nombre Personal
001 - NUMERO DE CONTROL
- campo de control: 3099
003 - IDENTIFICADOR DE NUMERO DE CONTROL
- campo de control: UPN
005 - FECHA Y HORA DE LA ÜLTIMA TRANSACCIÓN
- campo de control: 20210219193629.0
008 - DATOS DE LONGITUD FIJA
- campo de control de longitud fija: nabaccnnaabn|||||||||| b |nc|||||d
035 ## - NUMERO DE CONTROL
- Número de control: UPN10000003099
040 ## - FUENTE DE CATALOGACIÓN
- Lenguaje de catalogación: SPA
- Agencia de transcripción: UPN
100 1# - ENCABEZAMIENTO - NOMBRE PERSONAL
- Nombre personal: CHURCHILL, WINSTON LEONARD SPENCER,
- Títulos u otras palabras asociadas al nombre: SIR,
- Fechas asociadas con el nombre: 1874-1965 -
- Subdivisión temática general : LIDERAZGO MILITAR
670 ## - FUENTE EN LA QUE SE LOCALIZARON DATOS
- Cita de la fuente: T
- Información localizada: Salvat universal
670 ## - FUENTE EN LA QUE SE LOCALIZARON DATOS
- Cita de la fuente: LC
- Información localizada: Churchill, Winston, Sir, 1874-1965 - Military leadership
902 ## - CATALOGADOR
- Catalogador: BDV/290903
